| 000 | 00557nam a22001817a 4500 | ||
|---|---|---|---|
| 005 | 20240506115856.0 | ||
| 010 | _aENG-140155 | ||
| 020 |
_c1500.00 _a9789392894053 |
||
| 035 | _aEN-123687 | ||
| 037 | _bDBAD | ||
| 082 | _a294.5320954 | ||
| 100 |
_aSharma, Lalita _965733 |
||
| 245 |
_aAncient Indian Rituals and Their Social Contents/ _cby Lalita Sharma |
||
| 260 |
_aDelhi _bMomentum Publishers Distributors _c2022 |
||
| 270 |
_bDelhi _a39/18, Shakti Nagar _e110007 |
||
| 300 |
_a278p. _c23cm(hb) |
||
| 942 |
_2ddc _cEN _h294.5320954 _mSHA |
||
| 999 |
_c202157 _d202157 |
||